Movies Quiz

Random Movies or Quote Quiz
Score 0/20 Timer 05:00
0 Plays Today
Quote Movie % Correct
Hedwig, I've a feeling we're not in Hogwarts any more.The Wizard of Oz
91.7%
My mama always said life is like a box of Bertie Bott's Every Flavor Beans.Forrest Gump
87.7%
The first rule of Dumbledore's Army is: you do not talk about Dumbledore's Army.Fight Club
84.1%
I see Thestrals.The Sixth Sense
79.1%
Nobody puts Voldemort in a corner.Dirty Dancing
78.3%
Help me, Albus Dumbledore; you're my only hope.Star Wars: Episode IV - A New Hope
76.8%
Hello. My name is Harry Potter. You killed my father. Prepare to die.The Princess Bride
73.8%
Show me the Galleons!Jerry Maguire
64.7%
Get your stinking hands off me, you damn dirty Snape!Planet of the Apes
64.5%
Surely you can't be Sirius.Airplane!
62.8%
Quote Movie % Correct
We'll always have Hogsmeade.Casablanca
61.1%
Brooms? Where we're going, we don't need brooms.Back to the Future
58.1%
What we've got here is failure to apparate.Cool Hand Luke
42.9%
Keep your Aurors close, but your Death Eaters closer.The Godfather: Part II
39.6%
The greatest trick Voldemort ever pulled was convincing the world he wasn't back.The Usual Suspects
39.2%
I wish I knew how to Quidditch you.Brokeback Mountain
39.1%
I'm as mad as Moody, and I'm not going to take this anymore!Network
39%
We rob Gringotts!Bonnie and Clyde
30.6%
I drink your Butterbeer!There Will Be Blood
28%
You know how to summon, don't you Ron? You just put your lips together and say 'Accio'.To Have and Have Not
16%
Remove Ads.
Support Sporcle.
Get the best of Sporcle when you Go Orange. This ad-free experience offers more features, more stats, and more fun while also helping to support Sporcle. Thank you for becoming a member.

You're not logged in!

Compare scores with friends on all Sporcle quizzes.
OR
Log In

Show Comments

Extras

Top Quizzes Today


Score Distribution

Your Account Isn't Verified!

In order to create a playlist on Sporcle, you need to verify the email address you used during registration. Go to your Sporcle Settings to finish the process.

Report this User

Report this user for behavior that violates our Community Guidelines.

Details: